=LDR 00000nam 2200000 4500 =001 INLIS000000000007523 =005 20200505073325 =035 ##$$a 0010-061300000007523 =008 200505################g##########0#ind## =041 ##$$a Ind =082 ##$$a 2x3.9 =090 ##$$a 2x3.9, Was i =100 ##$$a Wasian, Abdulah =245 1#$$a Islam menjawab /$c Abdulah Wasian =260 ##$$a Jakarta :$b Media Dakwah,$c 1989 =300 ##$$a 118 hlm. ; $c 18 x 12 cm. =650 #4$$a Islam =850 ##$$a NBPNMAT =084 ##$$a 2x3.9 WAS i =250 ##$$a Cet. 2 =990 ##$$a 96.147/Pro-97 =990 ##$$a 00051994 =990 ##$$a 96.146/pro-96